00672nam a22001937a 45000050016000000100014000160200027000300350012000570370013000690820012000822450125000942600040002192700074002593000027003335000019003606500047003797000025004267000027004512010080209009.0 aENG-97703 a9788178311616c1000.00 a338.954 bDBAD/PUB a338.954 aIndia in a globalizing era :bmultidisciplinary perspectives /cedited by Subhendu Rajan Raj [and] Mahendra Pratap Singh aNew DelhibManak Publicationsc2009 aB-7, Saraswati Complex, Subhash Chowk, Laxmi NagarbNew Delhie110092 axxxiv,374p.c22cm (Hb) aIncludes index a Globalization xEconomic aspectszIndia aRaj, Subhendu Ranjan aSingh, Mahendra Prasad